Saint Vincent ja Grenadiinit -visa - Statistics

Yleistilastot
  • Tätä visaa on pelattu 214 kertaa
  • Keskiarvotulos 9 / 15
Vastaustilastot
Vihje Vastaus % Oikein
Virallinen kieli Englanti
97%
Valtio noin 50 kilometriä Saint Vincentistä pohjoiseen Saint Lucia
82%
Ensimmäinen Saint Vincentillä käynyt eurooppalainen Kristoffer Kolumbus
79%
Tärkeä viljelykasvi (hedelmä) Banaani
77%
Suurempi saariryhmä, johon yllä oleva kuuluu Pienet Antillit
72%
Valuutta {Itä-Karibia}n dollari
70%
Pääkaupunki Kingstown
66%
Puhutuin kieli Vincentinkreoli
65%
Suurin kristitty kirkko Anglikaaninen
61%
Valtio, joka hallitsee tuon saariryhmän eteläosia Grenada
59%
Kansa, joka asutti saaria ennen eurooppalaisten saapumista Karibit
53%
Saariryhmä, jonka pohjoisosa muodostaa Saint Vincentin ja Grenadiinien eteläosat Grenadiinit
49%
Saarijono, johon Saint Vincent ja Grenadiinit kuuluu {Windward}saaret
48%
Hedelmä, joka tuotiin saarille Tahitilta joskus 1700-luvun lopulla {Leipä}puun hedelmä
32%
Entinen brittiläinen linnake pääkaupungin lähellä Fort {Charlotte}
16%
Ehtoja vastaavia visoja ei löytynyt
Tulosjakauma
Jokaisen tuloksen saaneiden osuus
Persentiili vastausten määrän mukaan
Tuloshistoriasi
Et ole pelannut tätä visaa